000
00262nam a22001217a 4500
008
180306b xxu||||| |||| 00| 0 eng d
041
_a
eng
080
_a
575
100
_a
9
101
_a
IMM
245
_a
TEXBOOK OF IMMUNOLOGY
_c
JAMES.T.B
942
_2
udc
_c
BK
999
_c
44222
_d
44222